000 00247nam a2200097Ia 4500
001 690183
005 20250826161811.0
008 250824s9999 xx 000 0 und d
245 0 _aHUZUR SOKAĞI
_cŞULE YÜKSEL ŞENLER
260 _bTİMAŞ YAYINLARI
999 _c690183
_d690183